01650cam a22004094i 4500003000900000005001700009008004100026020001500067035002700082040003300109049000900142082002100151100003200172245009200204264006500296300006700361336002100428337002500449338002300474504002800497505008100525526000900606526000900615526000800624526000800632526000800640526000800648650004100656700002100697942001400718949012400732994001400856596000600870999015300876980005501029952015601084PE-LiUPU20250731175623.0150623s r 000 0 d a0310212464 a(Sirsi) i9780310212461 aPE-LiUPUbspacPE-LiUPUerda aPRUA04a487.402bG962211 aGuthrie, George H.,eautor.10aBiblical greek exegesis: a graded approach to learning intermediate and advanced greek. 1aGrand Rapids, Michigan :bZondervan Publishing House,c1998. a173 páginas :bilustraciones diagrámas ;c28 centímetros atext2rdacontent aunmediated2rdamedia avolume2rdacarrier aIncluye bibliografía.0 aA graded approach to learning biblical greek syntax. -The exegetical method. aP145 aP127 aP97 aP35 aP14 aP0704aGRIEGO BIBLICOxGRAMATICAvMANUALES.1 aScott Duvall, J. 2ddccBOOK a487.402 G96wDEWEYc1i45622lCCODEBUL1mBULr0sYtBOOKu2015-6-24xTEOLOGIAPP350COMPRAo.STAFF. Colección General aC0bPEPRU a1 a487.402 G96wDEWEYc22493i45622d22493f2021-11-11g5lCCODEBUL1mBULq1r0sYtBOOKu2015-6-24xTEOLOGIAPP350COMPRAo.STAFF. Colección General 81gALBERTO SANCHEZ Responsable de Automatización r2025-12-02 00:00:00i6l0o487.402 G96p45622te1w2015-06-24xFTyBKzinventario-2023-12-13102ddc50708GENfP35aBULbBULcGENd2015-06-24eCOMPRA